Responses for Primetime Celebrity Jeopardy! game #15 - Wednesday, October 4, 2023

2023-2024 Primetime Celebrity Jeopardy! quarterfinal game 2.

Contestants

[<< previous game]

Timothy Simons, an actor originally from Readfield, Maine

Lisa Ann Walter, an actor and stand-up comedian originally from Washington, D.C.

Brian Baumgartner, an actor and podcast host originally from Atlanta, Georgia

[next game >>]

Jeopardy! Round responses

AND THE STATE CAPITAL IS...
(Ken: I'll give you a state and three cities in the state; you'll have to tell me which one is the capital.)
FAMOUS TV SPOILERS
JOYCE, CARROLL, OATES
(Ken: Given a literary title, you'll have to tell me whether it's by James Joyce, Lewis Carroll, or Joyce Carol Oates. I hope that's clear.)
THE MEDI-VERSE
BLUNT BIOS OF BRAND MASCOTS
A BUNDLE OF "FUN"
    $100 1
Columbus

Brian
    $100 3
(Ken: Good job, Tim, you just spoiled [*] for everyone.)

Gossip Girl

Tim
    $100 26
Lewis Carroll

Tim
    $100 21
the anesthesiologist

Lisa Ann
    $100 8
(Ken: The very hot [*], yes.)

Mr. Clean

Tim
    $100 12
(Ken: Yeah, "fun" in quotation marks means they'll all have F-U-N in them.)

the funnel cake

Brian
    $200 2
(Brian: What is Tucson?)
(Tim: What is Scottsdale?)
...
(Ken: Lisa Ann, this just got a little easier.)

Phoenix

BrianLisa AnnTim
    $200 4
Twin Peaks

Tim
    $200 27
James Joyce

Tim
    $200 22
(Tim: What is intravenous?)

hypodermic

Tim
Triple Stumper
    $200 9
(Tim: What is AFLAC?)
(Ken: More specifically...)

the AFLAC duck

Tim
    $200 13
Art Garfunkel

Lisa Ann
    $300 17
(Ken: Yeah, you don't want to miss the Scranton clue.)

Harrisburg

Brian
    $300 5
South Park

Tim
    $300 28
(Lisa Ann: [*]. Who is [*]?)

Joyce Carol Oates

Lisa Ann
    $300 23
oxygen

Brian
    $300 10
(Ken: [Gesturing to the game board] Don't say that! He'll come through the board!)

the Kool-Aid Man

Tim
    $300 14
refund

Tim
    $400 18
(Lisa Ann: What is Chattanooga?)

Nashville

BrianLisa Ann
    $400 6
Lost

Tim
    $400 29
(Lisa Ann: Who is... Lewis Carroll?)
(Ken: 'Fraid not.)
[Lisa Ann stomps her foot in frustration.]
(Ken: Ooh, we don't get the stomp very often. Brian or Tim? That one was kind of a trick, and I feel bad about it, Lisa Ann. That's actually [*] again.)
(Lisa Ann: Well, then--then--then you feeling bad makes it worthwhile.)
(Ken: I'm not giving back the money, don't get me wrong.)

Joyce Carol Oates

Lisa Ann
Triple Stumper
    $400 24
the diastolic

Lisa Ann
    $400 11
(Tim: Who is Mr. Peanut?)
...
(Lisa: I want A BUNDLE OF "FUN", Ken.)
(Ken: Don't we all. For how much money, Lisa Ann?)

(the) Pringles (guy) (Julius Pringle)

Lisa AnnTim
    $400 15
(Ken: That's right, they are non-[*] tokens.)

fungible

Tim
    $500 19
Tallahassee

Brian
    $500 7
(Lisa Ann: What is Mary Hartman, Mary Hartman?)

Desperate Housewives

Lisa Ann
Triple Stumper
    $500 30
Lewis Carroll

Triple Stumper
    $500 25
(Lisa Ann: Well, I'm playing with the big boys, so I'd better go big or go home. So, $500, please.)

the Mayo Clinic

Lisa Ann
    $500 16
the Michelin Man

Brian
    $500 20
(Brian: What is Newfoundland?)

the Bay of Fundy

Brian
Triple Stumper

Scores at the first commercial break (after clue 15):

Brian Lisa Ann Tim
$0 $300 $1,700

Scores at the end of the Jeopardy! Round:

Brian Lisa Ann Tim
$1,500 $800 $1,800

Double Jeopardy! Round responses

RISING UP
BIG-SCREEN BALLADS
EUROPEAN COUNTRY NICKNAMES
(Ken: I'll give you the nickname; you provide the country.)
COMPUTING MILESTONES
NAME GAME
WHAT A LOAD OF B.S.
(Ken: Each correct response will have the initials B.S. Keep that in mind.)
    $200 21
the retirement age

Tim
    $200 6
(Ken: Early credit for [*], yeah.)

Madonna

Brian
    $200 16
(Lisa Ann: [Smiling] What is [*]?)
(Ken: Yeah, it is. How did you know that?)
(Lisa Ann: It's my people!)

Italy

Lisa Ann
    $200 26
YouTube

Brian
    $200 11
(Lisa Ann: I know that! It was a joke on my show!)

Millie Bobby Brown

Brian
    $200 1
Bart Simpson

Brian
    $400 22
Iran

Tim
    $400 7
An Officer and a Gentleman

Lisa Ann
    $400 17
Romania

Lisa Ann
    $400 27
Apple

Lisa Ann
    $400 12
(Ken: You seem very happy with yourself that you figured that out.)

Tommy Lee Jones

Tim
    $400 2
barbecue sauce

Lisa Ann
    $1,000 23
Arnold Schwarzenegger

Tim
    $600 8
Tina Turner

Brian
    $600 18
(Lisa Ann: Yeah, it was one or the other, I couldn't make up my mind.)
(Ken: I guess the fire is from the volcano?)

Iceland

Triple Stumper
    $800 28
chess

Lisa Ann
    $600 13
Martin Luther King

Triple Stumper
    $600 3
(Tim: What are Birkenstocks?)
(Ken: No, but I like it!)

ballet shoes (or ballet slippers)

Lisa AnnTim
    $800 24
(Ken: Of Ukraine, right.)

Zelenskyy

Lisa Ann
    $800 9
[Tim added an indefinite leading article to his response.]

"Kiss From A Rose"

Tim
    $800 19
Germany

Lisa Ann
    $800 29
Google Chrome

Tim
    $800 14
George Bernard Shaw

Triple Stumper
    $800 4
(Lisa Ann: I thought that was a Stones song!)

"Brown Sugar"

Triple Stumper
    $1000 25
Black Lives Matter

Tim
    $1000 10
(Lisa Ann: Ohhh. I wish I were dead.)
(Ken: [Chuckles] Wow.)

"In Your Eyes"

Triple Stumper
    $1000 20
Switzerland

Lisa Ann
    $1000 30
(Ken: Are you an [*] Comics girl?)
(Lisa Ann: No, that was a swingin' wild-ass guess, Ken.)

Archie

Lisa Ann
    $1000 15
(Ken: I feel like that redeems you three for the "Say Anything" miss. You d--you do know, uh, your '90s movies.)
(Lisa Ann: Thank you. Oh, I got my '80s bona fides back.)

Mary Stuart Masterson

Lisa Ann
    $1000 5
a banana slug

Tim

Scores at the Double Jeopardy! Round commercial break (after clue 15):

Brian Lisa Ann Tim
$2,700 $3,200 $3,400

Scores at the end of the Double Jeopardy! Round:

Brian Lisa Ann Tim
$2,900 $8,600 $6,800

Triple Jeopardy! Round

ESTATE PLANNING
THREE DIGIT PRIME NUMBERS
ANATOMY IN LATIN
BYGONE TECH
SCIENTISTS' RHYME TIME
NO CAP
(Ken: We'll show you words with the letters C, A, and P removed; you'll tell us what the word originally was.)
    $300 17
taxes

Brian
    $300 26
Boeing

Tim
    $300 2
(Ken: You were using it right there, Lisa Ann.)

your thumb

Triple Stumper
    $300 7
the Walkman

Lisa Ann
    $300 12
(Brian: What is Einstein-- Who is Einstein? Who is Einstein--)

Einstein's wines

BrianLisa Ann
    $300 27
Packard

Lisa Ann
    $600 18
power of attorney

Brian
    $600 22
911

Lisa Ann
    $600 3
(Lisa Ann: [*] to the ground. What is [*]?)

ear

Lisa Ann
    $600 8
facsimile

Lisa Ann
    $600 13
(Tim: What is Bohr's pore?)
...
(Ken: Yeah, it's gotta rhyme, Tim. I'm sorry, we're strict about the rhymes.)
...
(Ken: Tim staring down the judges.)

Bohr's pores

Lisa AnnTim
    $600 1
(Lisa Ann: What is a alcapa?)
(Ken: No, I'm sor--)
(Lisa Ann: [*]?)
(Ken: Oh, I think you corrected yourself in time.)

alpaca

Lisa Ann
    $900 19
an executor

Tim
    $900 23
227

Tim
    $900 4
the heart

Tim
    $900 9
BlackBerry

Tim
    $900 14
(Ken: You don't want to mess with [*].)

Fleming's lemmings

Triple Stumper
    $900 28
practical

Triple Stumper
    $1,200 20
(Ken: Now the last one didn't go your way, but you can see you trailed Lisa Ann here.)
(Tim: I'm going to do a True Daily Double.)
(Ken: Wait, you're wagering everything?)
(Tim: Well, wait, no. No, wait. What does that mean? I might have the wrong information.)
(Ken: You're wagering all $7,100 on this one.)
(Tim: Oh, God, no.
No, absolutely not. I think I thought it meant $1,500.)
(Ken: I see. You want the face value of the clue.)
(Tim: Yes. I think that's what I'm asking for.)
(Ken: Okay. Yes, we can do that. Don't worry.
Any number you like. Okay.)
(Tim: Which would be $1,200.)
(Ken: I feel like the audience really helped you out here. They were--they were very concerned.)
(Tim: I think I want to do the $1,200.)
(Ken: $1,200 it is.)
...
(Tim: What... what is a communicator?)
(Ken: I'm afraid not.
That is the key to a good relationship, but also [*]. It would be a [*] when you're administering a [*].)
(Tim: I know my wife's going to like that answer.)
(Lisa Ann: And that's what matters.)
(Tim: I guess that's what matters, except for the $1,200 that I don't have.)
(Ken: It's important to be competitive, but maybe it's more important for your wife to like your, uh, your take, right?
I think that's true.)
(Lisa Ann: Well said, Ken.)
(Ken: And I'm glad you didn't--you didn't know what a True Daily Double is. I'm glad you learned in time.)
(Tim: Yes, thank you very much.)

trust

Tim
    $1200 24
Alaska

Tim
    $1200 5
jaw

Brian
    $1200 10
(Ken: Clap on, clap off, [*].)

the Clapper

Tim
    $1,500 15
(Lisa Ann: Newton's croutons.)
[Laughter]
(Ken: Now, you would have to avoid croutons, but I think that the nicer rhyme would be what is [*]?)
(Lisa Ann: Ahhh! That's so much better.)

Newton's glutens

Lisa Ann
    $1200 29
"Irreplaceable"

Lisa Ann
    $1500 21
Warren Buffett

Brian
    $1500 25
"409"

Lisa Ann
    $1500 6
the knee

Lisa Ann
    $3,000 11
(Tim: Um... um...)
[The time expiry signal sounds.]
(Ken: Out of time.)
(Tim: What is the incorrect answer to this question?)
(Ken: [Laughs] That's it!)
(Tim: Oh, no!)

carburetor

Tim
    $1500 16
Hubble's bubbles

Triple Stumper
    $1500 30
calipers

Lisa Ann

Scores at the end of the Triple Jeopardy! Round:

Brian Lisa Ann Tim
$6,200 $16,700 $8,300
(lock game)

[wagering suggestions for these scores]

Final Jeopardy! Round responses

WORLD LANDMARKS
[Tim also wrote "+ Bohr's Pore" beside his wager.]
(Tim: I'm gonna ruin the fun.)
(Ken: You're still a little salty about the Niels Bohr ruling, aren't you, Tim?)
(Tim: Still a little salty.)
BrianWhat is Big Ben???
$6,199
TimWhat is Big Ben
$8,300
Lisa AnnWhat is Big Ben?
$0
Big Ben

Final scores:

Brian Lisa Ann Tim
$12,399 $16,700 $16,600
3rd place: $30,000 to the Motion Picture Television Fund Winner: semifinalist 2nd place: $30,000 to LAHSA

Game dynamics:

Coryat scores:

Brian Lisa Ann Tim
$6,200 $18,000 $12,100
16 R,
3 W
31 R
(including 2 DDs),
4 W
(including 1 DD)
26 R
(including 1 DD),
7 W
(including 2 DDs)

Combined Coryat: $36,300

[game clues] [game scores] [suggest correction]

Game tape date: 2023-08-21
The J! Archive is created by fans, for fans. Scraping, republication, monetization, and malicious use prohibited; this site may use cookies and collect identifying information. See terms. The Jeopardy! game show and all elements thereof, including but not limited to copyright and trademark thereto, are the property of Jeopardy Productions, Inc. and are protected under law. This website is not affiliated with, sponsored by, or operated by Jeopardy Productions, Inc. Join the discussion at JBoard.tv.